000 02087nam a2200301 i 4500
003 DO-SdBNP
005 20240325115414.0
007 ta
008 240325s2019 dr ao 000 j spa d
040 _aDO-SdBNP
_bspa
_cBNPHU
_erda
082 _bG464
_222
245 0 0 _aGilbert héroe de dos pueblos :
_bdocumental /
_cproducción Euri Cabral, Zinayda Rodríguez
264 1 _aSanto Domingo :
_bIanna,
_c[2019].
300 _a[36] páginas,
_bilustraciones, fotografías
_c28 cm.
336 _2rdacontent
_atexto
_btxt
337 _2rdamedia
_asin mediación
_bn
338 _2rdacarrier
_avolumen
_bnc
500 _aFicha técnica de los productores, actores y demás.
500 _aLargometraje documental, con una duración de 1 hora y 33 minutos
508 _aProducción general, Euri Cabral, Zinayda Rodríguez ; producción asociada, Néstor Espinosa, Karen Llanes ; asistente dirección, Elvira Almonte ; Música original, Janina Rosado ; director de fotografía, Julio Frías ; luces, Enmanuel Ferry ; dirección técnica, Saulo Constanzo ; Investigación Margarita Jiménez ; Narración, Miguel Susana.
508 _aEmpresas productoras: Señales TV y Bellaju Productions
511 _aActores principales, Teo Terrero, Ramón E. Candelario, Manuel Chapuseaux, Víctor Checo y Moisés Vincent.
518 _aPaíses de producción: República Dominicana y Nicaragua.
520 _a¨Gilbert, héroe de dos pueblos¨ es un documental dramatizado, que narra la vida y las acciones de este héroe dominicano y nicaragüense. Teniendo solo 17 años, enfrentó las tropas norteamericanas invasoras de la República Dominicana en 1916; luego, se fue a combatir la invasión norteamericana a Nicaragua, junto con el General de Hombres Libres, Augusto César Sandino. Siendo un anciano y con limitaciones de salud, junto al coronel Francisco Alberto Caamaño Deño y el movimiento constitucionalista, nuevamente enfrentó las tropas invasoras que mancillaron la patria dominicana en 1965.
590 _aInventariado, 2024/ YL
910 _aYLockward
942 _2ddc
_cLF2
999 _c56195
_d56195